000 00782nam a22002297a 4500
999 _c4989
_d4989
003 AR-CdUCM
008 190311b ||||| |||| 00| 0 spa d
040 _aMUNICIPALIDAD PROVINCIAL DEL CUSCO
_cBIBLIOTECA MUNICIPAL DEL CUSCO
082 _a869.75 /
_bP19
100 _aPalomares, Ramón
_915273
245 _aPoesía /
260 _aCaracas :
_bMonte avila editores,
_c1977.
300 _a269 paginas ;
_c20 cm.
440 _aColección altazor.
_915274
500 _aDonación familia Nieto.
505 _aContenido :El viajero -- Elegía a la muerte de mi padre -- La casa -- La esposa -- El nadador ...
650 _aPoesías venezolanas
_915275
650 _aLiteratura venezolana
_96294
650 _aLiteratura del siglo xx
_97647
942 _2ddc
_cLIBROS
945 _arum